01337nam a22003374a 4500001001100000003000800011006001900019007001500038008004100053010001700094020002200111020002200133040002100155035002100176050002300197082001600220100003100236245011900267260004400386300001700430490003300447504005100480533015200531651004800683651004800731655002900779710001700808830003400825856012500859999001500984ebr5001595CaPaEBRm u cr cn|||||||||000207s2000 enk sb 001 0 eng  z 00024849  z0415169445 (hbk.) z0415169453 (pbk.) aCaPaEBRcCaPaEBR a(OCoLC)55949050914aDC340b.F58 2000eb04a944.0812211 aFortescue, William,d1945-14aThe Third Republic in France, 1870-1940h[electronic resource] :bconflicts and continuities /cWilliam Fortescue. aLondon ;aNew York :bRoutledge,c2000. aviii, 258 p.1 aRoutledge sources in history aIncludes bibliographical references and index. aElectronic reproduction.bPalo Alto, Calif. :cebrary,d2013.nAvailable via World Wide Web.nAccess may be limited to ebrary affiliated libraries. 0aFrancexHistoryyThird Republic, 1870-1940. 0aFrancexPolitics and governmenty1870-1940. 7aElectronic books.2local2 aebrary, Inc. 0aRoutledge sources in history.40uhttp://site.ebrary.com/lib/rucke/Doc?id=5001595zAn electronic book accessible through the World Wide Web; click to view c1243d1243